Focus sur: Singapour - Statistiques

Statistiques générales
  • Ce quiz a été pris 75 fois
  • Le résultat moyen est 12 sur 20
Statistiques - réponses
Informations recherchées Réponses % Correct
Capitale Singapour
99%
Langue officielle Anglais
93%
Couleur du drapeau (dessin) Blanc
91%
Couleur du drapeau (fond) Rouge
91%
Langue officielle Malais
90%
Frontière (maritime) Indonésie
87%
Langue officielle Mandarin
87%
Nom des habitants du pays Singapourien
86%
Nom des habitants de la capitale Singapourien
86%
Frontière (maritime) Malaisie
84%
Régime politique République
74%
Monnaie Dollar de Singapour
59%
Nom complet République de Singapour
46%
Superficie (arrondi à la centaine de kilomètres carrés près) 719,1 kilomètres carrés
45%
Langue officielle Tamoul
30%
Nombre d'habitants (arrondi au demi-million près) 5 607 000 habitants
29%
Nombre d'habitants de la capitale (arrondi au demi-million près) 5 607 000 habitants
29%
Indicateur téléphonique +65
20%
Devise nationale Majulah Singapura
7%
Hymne national Majulah Singapura
7%
Aucun quiz correspondant
Distribution des résultats
% des personnes avec chaque résultat
Percentile par nombre de réponses
Votre historique - résultats
Vous n’avez pas pris ce quiz